| 000 | 00540nam a2200181Ia 4500 | ||
|---|---|---|---|
| 003 | GCL | ||
| 008 | 140319s9999 xx 000 0 eng d | ||
| 040 |
_aGCL / _cGCL |
||
| 082 | 0 | 4 |
_aCC _b930.132 _bK R |
| 100 | 1 | _aKHATER ,A | |
| 245 | 1 | 0 |
_aLE REGIME JURIDIQUE DES FOUILLES ET DES ANTIQUITES EN EGYPTE / _cKHATER ,A |
| 260 |
_aالقاهرة : _bIMPRIMERIE DE L'INSTITUT FRANCAIS ، _c1970 |
||
| 300 |
_a337 P ؛ _c24 cm. |
||
| 650 | 0 | 4 | _aANTIQUITIES |
| 650 | 0 | 4 | _aEGYPT - CIVILIZATION |
| 650 | 0 | 4 | _aARCHAEOLOGY - HISTORY |
| 942 |
_2ddc _cBK |
||
| 999 |
_c4893 _d4893 |
||